00467 2200181 4500245006900000020002200069250001100091100000900102700003100111650001500142005001900157260002700176041001400203084000800217300002600225490002500251336000900276 aKeanekaragaman Biota Laut b : Seri Flora dan FaunacIyamhText a978-979-1493-19-2 aCet. 1 aIyam aTim Penyunting Titian Ilmu aBiota Laut a20230307112540 aBandungbAngkasac2013 aIndonesia a563 avi, 90 hlm. :c21 cm. aSeri Flora dan Fauna atext